000 00852nam a2200253Ia 4500
003 OSt
005 20220923223410.0
006 a|||||r|||| 00| 0
007 ta
008 220922b |||||||| |||| 00| 0 hin d
024 _a214,816
037 _cTextual
040 _aARTS
_cARTS
_bhin
041 _2hin
_ahin
082 _aO152,3N104:g, M2
100 _aरजनीश, गोविंद
_9156318
245 0 _aरांगेय राघव का रचना संसार
246 _aRāangeya rāghav kā rachanā sansāra
260 _aदिल्ली
_b मैकमिलन कम्पनी
_c1982
300 _a212 पृ.
_ccm.
650 _aहिन्दी साहित्य
_9156264
942 _hO152,3N104:g, M2
_cTEXL
_2CC
999 _c364730
_d364730